Matemáticas tercer año
Gespeichert in:
| 1. Verfasser: | |
|---|---|
| Weitere Verfasser: | |
| Format: | Buch |
| Sprache: | Spanisch |
| Erschienen: |
Buenos Aires :
1970
|
| Katalog: | BNM: Suchergebnis im Bibliothekskatalog |
| Schulbuchspezifische Eigenschaften: |
|
| Schlagworte: | |
| Tags: |
Tag hinzufügen
Keine Tags, Fügen Sie den ersten Tag hinzu!
|
| Hinzugefügt zu: | 10.09.2003 |
| Geändert in: | 10.03.2022 |
MARC
| LEADER | 00000cam a22000004a 4500 | ||
|---|---|---|---|
| 003 | AR-BaBNM | ||
| 005 | 20220310112542.0 | ||
| 007 | ta | ||
| 008 | 030911s1970 ag ||||d |||||||||||spa|d | ||
| 035 | |a 000046017 | ||
| 040 | |a AR-BaBNM |b spa |e aacr | ||
| 080 | |a 373.5 | ||
| 100 | 1 | |a Médici, Héctor J. |9 5440 | |
| 245 | 1 | 0 | |a Matemáticas tercer año / |c Héctor J. Medici, Emanuel S. Cabrera |
| 260 | |a Buenos Aires : |b Librería del Colegio, |c 1970 | ||
| 300 | |a 468 p. : |b tablas | ||
| 500 | |a Ciclo Básico Común al Bachillerato, Magisterio y Escuelas de Comercio | ||
| 650 | 4 | |a Enseñanza de la matemática |9 7755 |a Educación secundaria |9 7637 | |
| 655 | 4 | |a Libros de texto | |
| 700 | 1 | |a Cabrera, Emanuel S., |d 1887?-1957 |9 5313 | |
| 942 | |2 udc |c LIBRO | ||
| 999 | |c 80049 |d 80049 | ||
| 999 | |c KOHA-OAI-TEST:80049 |d 80049 | ||